000 00817nam a2200241Ia 4500
003 OSt
005 20220923212103.0
006 a|||||r|||| 00| 0
007 ta
008 220922b |||||||| |||| 00| 0 hin d
024 _a150,632
037 _cTextual
040 _aARTS
_cARTS
_bhin
041 _2hin
_ahin
082 _aG:55.2, 152L0
100 _aमिश्र, अनुपम, संपा.
_9156274
245 0 _aदेश का पर्यावरण
246 _aDesh kā paryāvaraṇa
260 _aदिल्ली
_b गांधी शांति प्रतिष्ठान दीन दयाल मार्ग
_c1970
300 _a171 i``0
_ccm.
942 _hG:55.2, 152L0
_cTEXL
_2CC
999 _c306312
_d306312